000
00292nam a22001337a 4500
008
171019b xxu||||| |||| 00| 0 eng d
020
_a
9780073135854
041
_a
eng
080
_a
338
100
_a
53
101
_a
MNG
245
_a
INTERNATIONAL MANAGEMENT
_c
HODGETTS
942
_2
udc
_c
BK
999
_c
34812
_d
34812